[Event "Titled Tue 24th Jun Early"]
[Site "chess.com INT"]
[Date "2025.06.24"]
[Round "5"]
[White "Gubajdullin, Alexei"]
[Black "Ivashentseva, Dominika"]
[Result "0-1"]
[WhiteTitle "FM"]
[BlackTitle "WCM"]
[WhiteElo "2233"]
[BlackElo "1969"]
[WhiteFideId "4141202"]
[BlackFideId "34331050"]
[EventDate "2025.06.24"]

1. Nf3 d5 2. g3 Nf6 3. Bg2 e6 4. O-O Be7 5. d3 O-O 6. Nbd2 c5 7. e4 dxe4 8. dxe4
Nc6 9. e5 Nd5 10. a4 Qc7 11. Nc4 Rd8 12. Qe2 a6 13. c3 Rb8 14. a5 Bd7 15. Bf4
Na7 16. h4 Bb5 17. Qe4 Nc6 18. Rfe1 Bxc4 19. Qxc4 Nxa5 20. Qe4 Nxf4 21. Qxf4 Nb3
22. Ra4 b5 23. Rxa6 c4 24. Ng5 Bxg5 25. hxg5 Nc5 26. Rc6 Qe7 27. Ra1 Nd3 28. Qe3
Nxb2 29. Ra7 Rd7 30. Ra5 Nd1 31. Qc1 b4 32. cxb4 c3 33. Rac5 Rbd8 34. b5 Nb2 35.
Qxc3 Na4 36. Qe3 Nxc5 37. Qxc5 Qxg5 38. Bf3 Qf5 39. Kg2 Rd3 40. Bh5 Qxh5 41. Rd6
Qf3+ 42. Kh2 R3xd6 43. exd6 Qd5 44. Qa7 Qxd6 45. b6 Qb8 46. Qa5 Rd7 47. f4 Rb7
48. f5 Rxb6 49. f6 gxf6 50. Qh5 Rb2+ 51. Kh3 Qe5 52. Qg4+ Qg5 53. Qf3 Qh6+ 54.
Kg4 f5+ 0-1

[Event "Titled Tue 24th Jun Early"]
[Site "chess.com INT"]
[Date "2025.06.24"]
[Round "5"]
[White "Toktomushev, Teimur"]
[Black "Mummana Venkata Ruthvik"]
[Result "0-1"]
[WhiteTitle "FM"]
[BlackTitle "CM"]
[WhiteElo "2390"]
[BlackElo "2237"]
[WhiteFideId "14176726"]
[BlackFideId "25697307"]
[EventDate "2025.06.24"]

1. d4 Nf6 2. c4 g6 3. Nc3 Bg7 4. e4 d6 5. f3 O-O 6. Be3 e5 7. Nge2 Nbd7 8. Qd2
c6 9. O-O-O a6 10. Bh6 Qa5 11. Kb1 b5 12. Ka1 Nb6 13. Bxg7 Kxg7 14. Nc1 Be6 15.
d5 cxd5 16. cxd5 Bd7 17. h4 h5 18. g4 Nc4 19. Bxc4 bxc4 20. Rdg1 Rab8 21. N1e2
Rb7 22. Ng3 Rfb8 23. Rb1 hxg4 24. h5 Rh8 25. h6+ Kf8 26. Qg5 Nh7 27. Qe3 Qb6 28.
Qe2 gxf3 29. Qxf3 Ke7 30. Rhf1 f6 31. Qg2 Rbb8 32. Nf5+ Bxf5 33. exf5 g5 34. Qg4
Nf8 35. Qh5 Nd7 36. Ne4 Rbg8 37. Rg1 Qd4 38. Rbe1 Nc5 39. Nc3 Nd3 40. Rd1 Qf2
41. Ne2 Qb6 42. Rd2 Qb4 43. Rgd1 Rh7 44. Nc3 Rgh8 45. a3 Qb3 46. Rxd3 cxd3 47.
Rxd3 Rxh6 48. Qd1 Rh1 0-1

[Event "Titled Tue 24th Jun Early"]
[Site "chess.com INT"]
[Date "2025.06.24"]
[Round "5"]
[White "Aakash, G"]
[Black "Suvradeepta, Das"]
[Result "1-0"]
[WhiteTitle "FM"]
[BlackTitle "FM"]
[WhiteElo "2123"]
[BlackElo "2230"]
[WhiteFideId "25644394"]
[BlackFideId "5058031"]
[EventDate "2025.06.24"]

1. d4 Nf6 2. c4 g6 3. Nc3 d5 4. cxd5 Nxd5 5. e4 Nxc3 6. bxc3 Bg7 7. Nf3 c5 8.
Bc4 O-O 9. O-O Bg4 10. Be3 Nc6 11. d5 Na5 12. Be2 Rc8 13. Qc2 b6 14. Rad1 Qc7
15. g3 Rfd8 16. Bf4 Qb7 17. c4 e6 18. Ne5 Bxe2 19. Qxe2 exd5 20. cxd5 Re8 21.
Nf3 Rcd8 22. Qc2 Qa6 23. Bg5 f6 24. Bf4 Qc4 25. Qd2 Qxe4 26. Kg2 Nc4 27. Qc3 Nd6
28. Qa3 Qe7 29. Rfe1 Qb7 30. Re6 Nf5 31. Qa4 Rxe6 32. dxe6 Rxd1 33. Qxd1 Nd4 34.
Be3 Qxf3+ 35. Qxf3 Nxf3 36. Kxf3 Kf8 37. Ke4 Ke7 38. Kd5 h6 39. Bf4 f5 40. Bb8
Bd4 41. Bxa7 Bxf2 42. Bxb6 Bg1 43. Bxc5+ Bxc5 44. Kxc5 Kxe6 45. a4 Kd7 46. Kd5
Kc7 47. Ke6 Kb6 48. Kf6 1-0

[Event "Titled Tue 24th Jun Early"]
[Site "chess.com INT"]
[Date "2025.06.24"]
[Round "5"]
[White "Roebers, Eline"]
[Black "Moussard, Jules"]
[Result "0-1"]
[WhiteTitle "IM"]
[BlackTitle "GM"]
[WhiteElo "2356"]
[BlackElo "2597"]
[WhiteFideId "1058401"]
[BlackFideId "642908"]
[EventDate "2025.06.24"]

1. e4 c6 2. Nf3 d5 3. Nc3 Bg4 4. h3 Bxf3 5. Qxf3 Nf6 6. Be2 e6 7. O-O Be7 8. d3
O-O 9. Qg3 a5 10. Bf4 Na6 11. Rad1 Nb4 12. Rd2 d4 13. Nd1 Nxa2 14. c3 a4 15. Be5
c5 16. f4 a3 17. bxa3 Rxa3 18. cxd4 cxd4 19. f5 Nc3 20. Nxc3 dxc3 21. Rc2 Bc5+
22. Kh1 exf5 23. Rxf5 Ra1+ 24. Bf1 Bd4 25. Bxf6 Bxf6 26. e5 Bh4 27. Qf3 Be1 28.
Qxb7 Bd2 29. Qf3 Qe7 30. d4 Rb1 31. Kh2 Rb4 32. d5 g6 33. d6 Qe6 34. Rf6 Qxe5+
35. Kh1 Rb1 36. d7 Rbb8 37. Bc4 Kg7 38. Rxf7+ Rxf7 39. Qxf7+ Kh6 40. Bf1 Qd6 41.
Ra2 Rf8 42. Qc4 Qxd7 43. Be2 Qe7 44. Ra5 Rf5 45. Rxf5 gxf5 46. Kg1 Qe3+ 47. Kf1
Qg3 48. Kg1 Be3+ 49. Kh1 Bf4 0-1

[Event "Titled Tue 24th Jun Early"]
[Site "chess.com INT"]
[Date "2025.06.24"]
[Round "5"]
[White "Vasquez Schroeder, Rodrigo"]
[Black "Ambartsumova, Karina"]
[Result "1-0"]
[WhiteTitle "GM"]
[BlackTitle "IM"]
[WhiteElo "2446"]
[BlackElo "2403"]
[WhiteFideId "3400042"]
[BlackFideId "4166299"]
[EventDate "2025.06.24"]

1. e4 c5 2. Nf3 a6 3. a4 Nc6 4. g3 Nf6 5. Nc3 e5 6. Bg2 Be7 7. d3 O-O 8. Bg5 d6
9. Bxf6 Bxf6 10. Nd2 Be6 11. Nc4 Rb8 12. O-O b5 13. axb5 axb5 14. Ne3 Ne7 15.
Ra6 b4 16. Ne2 d5 17. exd5 Nxd5 18. Nc4 Qc7 19. Qa1 Rfd8 20. Qa5 Qe7 21. b3 Bg4
22. Re1 Bc8 23. Ra7 Rb7 24. Ra8 Rbd7 25. Nf4 Nxf4 26. gxf4 Bb7 27. Rxd8+ Rxd8
28. Bxb7 Qxb7 29. fxe5 Bh4 30. Qxc5 Qf3 31. Qe3 Qg4+ 32. Kh1 Qf5 33. Rf1 h6 34.
f4 Ra8 35. Qf3 Ra2 36. Ne3 Qd7 37. Rg1 Bd8 38. Qg2 g6 39. f5 Bg5 40. fxg6 fxg6
41. Nc4 Kh7 42. Rf1 Qe7 43. Qd5 Kg7 44. Nd6 Ra7 45. Rf7+ Qxf7 46. Nxf7 Rxf7 47.
e6 Re7 48. Qd6 Kf6 49. Qxb4 Rxe6 50. Qd4+ Ke7 51. Qc5+ Kf6 52. Qf2+ Ke7 53. b4
Be3 54. Qg3 g5 55. Qc7+ Kf6 56. b5 Bf4 57. Qd8+ Kg6 58. Kg2 Re2+ 59. Kf3 Re3+
60. Kf2 Re5 61. b6 Rf5 62. Ke2 Re5+ 63. Kd1 Bxh2 64. b7 Bg3 65. b8=Q Re1+ 66.
Kd2 Bxb8 67. Kxe1 1-0

[Event "Titled Tue 24th Jun Early"]
[Site "chess.com INT"]
[Date "2025.06.24"]
[Round "5"]
[White "Marichal Gonzalez, Ariel"]
[Black "Rahman, Masruri"]
[Result "0-1"]
[WhiteTitle "IM"]
[BlackTitle "FM"]
[WhiteElo "2268"]
[BlackElo "2407"]
[WhiteFideId "3503232"]
[BlackFideId "7101163"]
[EventDate "2025.06.24"]

1. d4 e6 2. c4 Nf6 3. Nf3 b6 4. g3 Ba6 5. Nbd2 Bb7 6. Bg2 c5 7. O-O cxd4 8. Nb3
Be7 9. Nbxd4 O-O 10. b3 d6 11. Bb2 a6 12. Rc1 Ra7 13. Qd2 Nc6 14. Rfd1 Nxd4 15.
Bxd4 Nd7 16. Qe3 h6 17. h4 Qc7 18. Rc2 a5 19. Rcd2 Re8 20. Qc3 e5 21. Be3 Nf6
22. Qb2 Ng4 23. Qc3 Bf6 24. Nh2 Nxe3 25. Qxe3 Bxg2 26. Kxg2 Be7 27. Qe4 a4 28.
Ng4 axb3 29. axb3 Ra3 30. Rd3 Qc8 31. Ne3 Bf8 32. Nd5 Qa8 33. Kg1 Rb8 34. Qg4
Qb7 35. Rf3 Qc8 36. Rf5 Qe6 37. Qe4 b5 38. Rf3 bxc4 39. bxc4 Rxf3 40. exf3 Rc8
41. Ra1 f5 42. Qd3 e4 43. Qd4 exf3 44. Qd3 Qe4 45. Qd2 Rxc4 46. Nf4 Rd4 47. Qa2+
d5 48. Qa7 Rd2 49. Qd7 Qc2 50. Rf1 Rd1 51. Qe6+ Kh7 52. Qf7 Rxf1+ 0-1

[Event "Titled Tue 24th Jun Early"]
[Site "chess.com INT"]
[Date "2025.06.24"]
[Round "5"]
[White "Emeliantsev, Anatoliy"]
[Black "Warchol, Kamil"]
[Result "1-0"]
[WhiteTitle "FM"]
[BlackTitle "FM"]
[WhiteElo "2359"]
[BlackElo "2113"]
[WhiteFideId "4160681"]
[BlackFideId "21858241"]
[EventDate "2025.06.24"]

1. d4 b6 2. c4 Bb7 3. Nc3 Nf6 4. a3 e6 5. f3 d5 6. cxd5 exd5 7. e3 a6 8. Bd3 Bd6
9. Nge2 O-O 10. O-O Re8 11. Ng3 c5 12. Nf5 Bf8 13. Qe1 g6 14. Qg3 Nc6 15. Qg5
Kh8 16. Nh6 Bxh6 17. Qxh6 cxd4 18. exd4 Nxd4 19. Bg5 Ne6 20. Bh4 Qe7 21. Rfe1
Ng8 22. Bxe7 Nxh6 23. Bf6+ Kg8 24. Re5 Nc5 25. Bc2 Kf8 26. Rae1 Ng8 27. Rxe8+
Rxe8 28. Bg7+ Kxg7 29. Rxe8 d4 30. Ne4 d3 31. Bd1 Nxe4 32. fxe4 Nf6 33. Rb8 Bxe4
34. Rxb6 Nd5 35. Rxa6 d2 36. Ba4 Kf8 37. Kf2 Ke7 38. g3 Bd3 39. Ra7+ Ke6 40. Bd1
h6 41. Bb3 f5 42. Ra5 Be4 43. Bxd5+ Bxd5 44. Ke2 g5 45. Kxd2 f4 46. gxf4 gxf4
47. Ke2 Ke5 48. Rxd5+ Kxd5 49. Kf3 Kc4 50. Kxf4 Kb3 51. Kg4 Kxb2 52. Kh5 Kxa3
53. Kxh6 Kb4 54. Kg6 Kc4 55. h4 Kd5 56. h5 Ke4 57. h6 Kf4 58. h7 Kg4 59. h8=Q
Kf4 60. Qd4+ Kf3 61. Kf5 1-0

[Event "Titled Tue 24th Jun Early"]
[Site "chess.com INT"]
[Date "2025.06.24"]
[Round "5"]
[White "Terletsky, Oleg"]
[Black "Avalos Parra, Joao"]
[Result "1-0"]
[WhiteTitle "IM"]
[BlackTitle "FM"]
[WhiteElo "2160"]
[BlackElo "2150"]
[WhiteFideId "14116774"]
[BlackFideId "3402541"]
[EventDate "2025.06.24"]

1. e4 e5 2. Nf3 Nc6 3. Nc3 Nf6 4. d4 exd4 5. Nxd4 Bb4 6. Nxc6 bxc6 7. Bd3 O-O 8.
O-O Re8 9. Qf3 d6 10. Bg5 h6 11. Bxf6 Qxf6 12. Qxf6 gxf6 13. Ne2 Rb8 14. Ng3 Bc5
15. Rab1 d5 16. exd5 cxd5 17. Nf5 Bxf5 18. Bxf5 Re2 19. Bd3 Rd2 20. b3 Re8 21.
g3 Kg7 22. Kg2 f5 23. Kf3 Kf6 24. Rbd1 Rxd1 25. Rxd1 Re5 26. Bb5 Ke6 27. Kg2 Bb4
28. Kf1 Bc3 29. f4 Re3 30. Bc6 d4 31. Bb5 Kd5 32. Kf2 f6 33. Bc4+ Kd6 34. Ba6 c5
35. Bc8 h5 36. h4 Kd5 37. Bxf5 c4 38. bxc4+ Kxc4 39. Bd3+ Kc5 40. a4 a5 41. Rb1
Bb4 42. Rg1 Kd5 43. Rd1 Ke6 44. Bg6 Bc5 45. Bxh5 d3 46. cxd3 Bd4 47. Re1 Rxe1+
48. Kxe1 Kf5 49. Ke2 Bc3 50. Kf3 Be1 51. Bf7 Bxg3 52. Be6+ Kxe6 53. Kxg3 Kf5 54.
Kf3 Kg6 55. Ke4 Kh5 56. Kf5 Kxh4 57. Kxf6 Kg4 58. f5 Kh5 59. Ke6 Kg5 60. f6 Kg6
61. f7 1-0

[Event "Titled Tue 24th Jun Early"]
[Site "chess.com INT"]
[Date "2025.06.24"]
[Round "5"]
[White "Sahib, Singh"]
[Black "Kozak, Adam"]
[Result "0-1"]
[WhiteTitle "FM"]
[BlackTitle "GM"]
[WhiteElo "2407"]
[BlackElo "2587"]
[WhiteFideId "25618342"]
[BlackFideId "753246"]
[EventDate "2025.06.24"]

1. e4 g6 2. d4 Bg7 3. Nc3 a6 4. a4 Nc6 5. d5 Na7 6. Be3 d6 7. h4 h5 8. Bd4 Nf6
9. Nh3 c5 10. Be3 Bxh3 11. Rxh3 Ng4 12. Bg5 Qb6 13. Rb1 Qb4 14. f3 Ne5 15. Bd2
Nc4 16. Bxc4 Qxc4 17. Qe2 Qb4 18. Nb5 Qxd2+ 19. Qxd2 axb5 20. axb5 Nxb5 21. Qd3
Nc7 22. b4 cxb4 23. Rxb4 b5 24. Kf2 O-O 25. g4 hxg4 26. fxg4 Rfc8 27. h5 Ra2 28.
Qb3 Ra1 29. hxg6 fxg6 30. e5 Bxe5 31. Qd3 Kg7 32. Qd2 Rf8+ 33. Rf3 Rf1+ 34. Kxf1
Rxf3+ 35. Ke2 Rh3 36. Qg5 Nxd5 37. Rb3 Rh2+ 38. Kd1 Rh1+ 39. Ke2 Rh2+ 40. Kd1
Rh1+ 41. Ke2 b4 42. Kd3 Rd1+ 43. Kc4 Rd4+ 44. Kb5 Bf6 45. Qc1 Nc3+ 46. Kc6 Rxg4
47. Kd7 Rc4 48. Qe3 Rc7+ 49. Ke8 e5 50. Qd3 e4 51. Qxd6 Nb5 52. Qf4 Re7+ 53. Kd8
Rf7+ 54. Kc8 Na7+ 55. Kb8 Nc6+ 56. Ka8 Ra7# 0-1

[Event "Titled Tue 24th Jun Early"]
[Site "chess.com INT"]
[Date "2025.06.24"]
[Round "5"]
[White "Akhmedov, David"]
[Black "Steinberg, Nitzan"]
[Result "0-1"]
[WhiteTitle "FM"]
[BlackTitle "GM"]
[WhiteElo "2447"]
[BlackElo "2554"]
[WhiteFideId "34220194"]
[BlackFideId "2801795"]
[EventDate "2025.06.24"]

1. d4 Nf6 2. c4 g6 3. Nc3 Bg7 4. g3 d6 5. Bg2 O-O 6. Nf3 Nbd7 7. O-O e5 8. e4
exd4 9. Nxd4 Re8 10. h3 Nc5 11. Re1 a5 12. b3 Bd7 13. Rb1 c6 14. Bf4 Qc7 15. Qd2
Rad8 16. Rbd1 Bc8 17. Qc2 h5 18. Rd2 Nfd7 19. Red1 Ne5 20. Be3 h4 21. g4 Qe7 22.
f4 Nxg4 23. hxg4 Bxg4 24. Re1 h3 25. Bh1 Qh4 26. Bf2 Qh5 27. Kh2 Ne6 28. Nxe6
Rxe6 29. Bg3 Rde8 30. Nd1 f5 31. Nf2 Bf3 32. Bxf3 Qxf3 33. Nxh3 Rxe4 34. Rxe4
fxe4 35. Rxd6 c5 36. Qd1 Qxd1 37. Rxd1 e3 38. Ng1 Bc3 39. Ne2 Bd2 40. Kg2 Kf7
41. Kf3 Kf6 42. Be1 Rd8 43. Bxd2 Rxd2 44. Rxd2 exd2 45. Nc3 Kf5 46. Ke2 Kxf4 47.
Kxd2 Kf3 48. Na4 g5 49. Nxc5 b6 0-1

[Event "Titled Tue 24th Jun Early"]
[Site "chess.com INT"]
[Date "2025.06.24"]
[Round "5"]
[White "Atoyan, Alberto"]
[Black "Verbova, Elena"]
[Result "1-0"]
[WhiteTitle "CM"]
[BlackTitle "WFM"]
[WhiteElo "2266"]
[BlackElo "2033"]
[WhiteFideId "13314831"]
[BlackFideId "14203677"]
[EventDate "2025.06.24"]

1. e4 c5 2. Nf3 e6 3. g3 Nc6 4. Bg2 d5 5. exd5 exd5 6. O-O Nf6 7. d4 h6 8. Nbd2
Be6 9. dxc5 Bxc5 10. Nb3 Bb6 11. Nbd4 Ne4 12. c3 O-O 13. Be3 Qf6 14. Nc2 Bc7 15.
Nfd4 Na5 16. Nxe6 Qxe6 17. Bd4 Nc6 18. Re1 Nxd4 19. Nxd4 Qb6 20. Qb3 Qxb3 21.
axb3 Rfe8 22. Re2 Bb6 23. Rd1 Rad8 24. b4 a6 25. Kf1 g6 26. Nc2 f5 27. f3 Nf6
28. Red2 Kf7 29. Nd4 Re3 30. Kf2 Rde8 31. Bf1 f4 32. g4 h5 33. h3 hxg4 34. hxg4
g5 35. b5 a5 36. Rd3 Rxd3 37. Bxd3 Re3 38. Bf5 Re5 39. Bc8 a4 40. Bxb7 Re3 41.
Bc6 a3 42. bxa3 Rxc3 43. Kg2 Rxa3 44. Rd2 Re3 45. Nf5 Re5 46. Nd6+ Ke6 47. Nf5
Be3 48. Ra2 d4 49. b6 d3 50. b7 d2 51. Rxd2 Ba7 52. Rd6+ Kf7 53. Rd8 Re2+ 54.
Kf1 Rf2+ 55. Ke1 Rb2 56. Ra8 Bf2+ 57. Kd1 1-0

[Event "Titled Tue 24th Jun Early"]
[Site "chess.com INT"]
[Date "2025.06.24"]
[Round "5"]
[White "Galchenko, Matvey"]
[Black "Maghsoodloo, Parham"]
[Result "1-0"]
[WhiteTitle "IM"]
[BlackTitle "GM"]
[WhiteElo "2435"]
[BlackElo "2691"]
[WhiteFideId "24175480"]
[BlackFideId "12539929"]
[EventDate "2025.06.24"]

1. e4 c5 2. c3 Nf6 3. e5 Nd5 4. Nf3 Nc6 5. Bc4 Nb6 6. Bb3 c4 7. Bc2 Qc7 8. O-O
Nxe5 9. Nxe5 Qxe5 10. Re1 Qc7 11. d3 e6 12. dxc4 Nxc4 13. b3 Ne5 14. c4 Be7 15.
Nc3 Ng6 16. Bb2 O-O 17. Qh5 f5 18. Rad1 a6 19. Qf3 Bf6 20. Ba3 Be7 21. Nd5 exd5
22. Qxd5+ Rf7 23. Bxe7 Qc6 24. Bd6 Qxd5 25. Rxd5 b5 26. Re8+ Nf8 27. Rxf5 Bb7
28. Rxa8 Bxa8 29. cxb5 axb5 30. Rxb5 Rf6 31. Rb6 Bd5 32. Bc5 Ne6 33. Be3 Rf8 34.
h4 Rc8 35. Bf5 g6 36. Bd3 Rc3 37. Bb5 Nf8 38. Rb8 Kf7 39. Bh6 Ne6 40. Bxd7 Nd4
41. Bg4 Nf5 42. Bxf5 gxf5 43. Rf8+ Kg6 44. Bf4 Be4 45. Rd8 Rc2 46. Rd2 Rc1+ 47.
Kh2 Ra1 48. f3 Ba8 49. Rb2 Rd1 50. b4 Rd4 51. Kg3 Rc4 52. b5 Rc8 53. a4 Rc4 54.
a5 Ra4 55. b6 Bb7 56. Rb5 Kf6 57. Rc5 Ke6 58. Rc7 Bd5 59. b7 Rb4 60. a6 1-0

[Event "Titled Tue 24th Jun Early"]
[Site "chess.com INT"]
[Date "2025.06.24"]
[Round "5"]
[White "Subramanian, Anusha"]
[Black "Delorme, Axel"]
[Result "0-1"]
[WhiteTitle "WFM"]
[BlackTitle "GM"]
[WhiteElo "2045"]
[BlackElo "2475"]
[WhiteFideId "477710"]
[BlackFideId "632023"]
[EventDate "2025.06.24"]

1. e4 c5 2. Nf3 d6 3. d4 cxd4 4. Nxd4 Nf6 5. Nc3 a6 6. f3 e5 7. Nb3 Be6 8. Be3
Be7 9. g4 b5 10. h4 b4 11. Ne2 d5 12. g5 Nh5 13. exd5 Qxd5 14. Qxd5 Bxd5 15. Bg2
a5 16. O-O-O Bc6 17. Nc5 Na6 18. Ne4 O-O 19. N2g3 Nxg3 20. Nxg3 Rfc8 21. Nf5 Bf8
22. Kb1 a4 23. Rhg1 Rd8 24. h5 a3 25. b3 g6 26. hxg6 hxg6 27. Ng3 Bc5 28. Bxc5
Nxc5 29. Ne4 Bxe4 30. fxe4 Ne6 31. Rd5 Nf4 32. Rxd8+ Rxd8 33. Bf3 Kf8 34. Rd1
Rd4 35. Rxd4 exd4 36. Kc1 Ke7 37. Kd2 f6 38. gxf6+ Kxf6 39. Bg4 Kg5 40. Bc8 Kf6
41. Ke1 Ke5 42. Bb7 Ne6 43. Kf2 Nc5 44. Bc6 Nxe4+ 45. Kf3 Nc3 46. Be8 g5 47. Bg6
Nxa2 48. Bd3 Nc3 49. Kg4 a2 50. Kxg5 a1=Q 51. Kg4 Qe1 52. Kf3 Qe3+ 53. Kg2 Ne4
54. Bxe4 Qxe4+ 55. Kg3 Qe3+ 56. Kg2 Kf4 57. Kh2 Qf2+ 58. Kh1 Qe2 59. Kg1 Kg3 60.
Kh1 Qg2# 0-1

[Event "Titled Tue 24th Jun Early"]
[Site "chess.com INT"]
[Date "2025.06.24"]
[Round "5"]
[White "Mecit, Emre"]
[Black "Lugo, Blas"]
[Result "1-0"]
[BlackTitle "IM"]
[WhiteElo "2007"]
[BlackElo "2399"]
[WhiteFideId "6304214"]
[BlackFideId "2011263"]
[EventDate "2025.06.24"]

1. e4 e5 2. Nf3 Nc6 3. Bb5 a6 4. Ba4 Nf6 5. O-O b5 6. Bb3 Bb7 7. d3 Bc5 8. Nc3
h6 9. a4 b4 10. Ne2 d6 11. Ng3 Na5 12. Ba2 b3 13. cxb3 Bb4 14. Bd2 c5 15. Nf5 g6
16. Ne3 O-O 17. Bxb4 cxb4 18. Qd2 Nc6 19. Rac1 Kg7 20. Bb1 a5 21. Rfd1 Nh5 22.
d4 Qf6 23. Nd5 Qd8 24. dxe5 dxe5 25. Rxc6 Bxc6 26. Nxe5 Bxd5 27. exd5 Re8 28.
Qd4 Qf6 29. Nf3 Nf4 30. Qxf6+ Kxf6 31. g3 Nh3+ 32. Kg2 Ng5 33. Nd4 Ne4 34. Nc6
Nd6 35. Bd3 Rec8 36. h4 Re8 37. Kf3 h5 38. Rc1 Rec8 39. Rc5 Nb7 40. Rb5 Nd6 41.
Rxa5 Rxa5 42. Nxa5 Rc5 43. Nc6 Rxd5 44. Bc4 Rd2 45. a5 Rxb2 46. a6 Ra2 47. a7
Nxc4 48. bxc4 b3 49. Nb4 Rxa7 50. Nd3 b2 51. Nxb2 Ra3+ 52. Ke4 Ra2 53. Nd3 Rc2
54. c5 Rc3 55. f3 Rc2 56. g4 hxg4 57. fxg4 Ke7 58. h5 gxh5 59. gxh5 Rh2 60. Nf4
Rh4 61. Kf5 Rh1 62. Kg5 Rh2 63. h6 1-0

[Event "Titled Tue 24th Jun Early"]
[Site "chess.com INT"]
[Date "2025.06.24"]
[Round "5"]
[White "Puzyrevsky, Semyon"]
[Black "Le, Tuan Minh"]
[Result "1-0"]
[WhiteTitle "FM"]
[BlackTitle "GM"]
[WhiteElo "2292"]
[BlackElo "2598"]
[WhiteFideId "24240931"]
[BlackFideId "12401153"]
[EventDate "2025.06.24"]

1. d4 d5 2. Nf3 e6 3. c4 h6 4. Nc3 Nf6 5. g3 Bd6 6. Bg2 O-O 7. O-O Nc6 8. Re1
dxc4 9. e4 e5 10. d5 Nb4 11. Nd2 Bg4 12. f3 Bc5+ 13. Kf1 Qc8 14. Nxc4 Bh3 15. a3
Na6 16. Nxe5 Re8 17. Nd3 Bb6 18. Nf4 Bxg2+ 19. Kxg2 Nd7 20. Na4 c6 21. Nxb6 axb6
22. Be3 Ne5 23. Rc1 Qd8 24. dxc6 bxc6 25. Qxd8 Raxd8 26. Bxb6 Rb8 27. Bd4 Nc7
28. Bxe5 Rxe5 29. Nd3 Re6 30. b4 Nb5 31. a4 Nd4 32. Rc4 Rd6 33. Nc5 Ne6 34. Nxe6
fxe6 35. Re2 e5 36. Rec2 Rd3 37. a5 Ra3 38. Rd2 Kh7 39. Rd6 Ra4 40. Rdxc6 Rd8
41. a6 Rd2+ 42. Kh3 Raa2 43. Kg4 Rxh2 44. b5 Rhg2 45. Rc7 h5+ 46. Kf5 Rxg3 47.
Rc3 h4 48. a7 h3 49. b6 h2 50. Rc1 Rg1 51. b7 h1=Q 52. b8=Q Qxf3+ 53. Ke6 Rg5
54. Rf7 Rg6+ 55. Ke7 Qg4 56. Rh1+ Rh6 57. Rxh6+ Kxh6 58. Qh8+ Kg5 59. Rxg7+ 1-0

[Event "Titled Tue 24th Jun Early"]
[Site "chess.com INT"]
[Date "2025.06.24"]
[Round "5"]
[White "Molina, Roberto Junio Brito"]
[Black "Pham, Le Thao Nguyen"]
[Result "1-0"]
[WhiteTitle "IM"]
[BlackTitle "IM"]
[WhiteElo "2381"]
[BlackElo "2357"]
[WhiteFideId "2109450"]
[BlackFideId "12401226"]
[EventDate "2025.06.24"]

1. d4 Nf6 2. c4 e6 3. Nf3 d5 4. Nc3 Be7 5. Bg5 Nbd7 6. e3 h6 7. Bh4 O-O 8. Rc1
a6 9. cxd5 exd5 10. Bd3 c6 11. O-O Re8 12. Qc2 Nf8 13. Na4 Ne4 14. Bxe7 Qxe7 15.
Nc5 Bf5 16. Nd2 Nxc5 17. Bxf5 Nce6 18. Nf3 Nd7 19. Qb3 Rab8 20. Rc2 Nc7 21. Bxd7
Qxd7 22. Ne5 Qe7 23. a4 Red8 24. Qb6 Ne8 25. Qc5 Nd6 26. b4 Qe6 27. Qc3 Re8 28.
Nd3 Re7 29. Nc5 Qg6 30. Qd3 Qg5 31. g3 Rbe8 32. Re1 h5 33. Qe2 h4 34. Qf3 h3 35.
Qf4 Qg6 36. Rce2 Ne4 37. Nxe4 Rxe4 38. Qf3 R8e6 39. Rd2 Rf6 40. Qe2 Qf5 41. Qf1
Qg4 42. Qe2 Rf3 43. Kf1 Qf5 44. Kg1 Qf6 45. Red1 g5 46. b5 axb5 47. axb5 g4 48.
bxc6 Qxc6 49. Rc2 Qf6 50. Rb2 Re7 51. Rdb1 Qc6 52. Qb5 Qf6 53. Qxd5 Rf5 54. Qc4
Kg7 55. Qe2 Rf3 56. Rb6 Qf5 57. R6b5 Qg6 58. Qc4 Rf6 59. Qd5 1-0

[Event "Titled Tue 24th Jun Early"]
[Site "chess.com INT"]
[Date "2025.06.24"]
[Round "5"]
[White "Begunov, Konstantin"]
[Black "Cuenca Jimenez, Jose Fernando"]
[Result "0-1"]
[WhiteTitle "FM"]
[BlackTitle "GM"]
[WhiteElo "2325"]
[BlackElo "2487"]
[WhiteFideId "4118510"]
[BlackFideId "2255570"]
[EventDate "2025.06.24"]

1. d4 Nf6 2. c4 g6 3. f3 Bg7 4. e4 d6 5. Be3 O-O 6. Nc3 c5 7. dxc5 dxc5 8. Qxd8
Rxd8 9. Bxc5 Nc6 10. Nd5 Nd7 11. Nxe7+ Nxe7 12. Bxe7 Bxb2 13. Bxd8 Bxa1 14. Ne2
Ne5 15. Nf4 Bd7 16. Bc7 Rc8 17. Nd5 Kg7 18. Kd2 Be6 19. Be2 Bd4 20. Bxe5+ Bxe5
21. g3 h5 22. f4 Bd4 23. Bd3 Rc5 24. Rb1 b6 25. Rb5 Bg1 26. Rxc5 bxc5 27. Ke2
Bxh2 28. Kf2 Bh3 29. Be2 Kf8 30. Bf3 Kg7 31. e5 Kf8 32. Bg2 Be6 33. Be4 Bh3 34.
Bg2 Be6 35. Be4 Bxd5 36. Bxd5 h4 37. gxh4 Bxf4 38. e6 fxe6 39. Bxe6 Kg7 40. Bg4
Kf6 41. Kf3 Ke5 42. Bd7 Bc1 43. Kg4 Kd4 44. Be8 Kxc4 45. Bxg6 Kb4 46. h5 c4 47.
Kf5 c3 48. Kf6 Ka3 49. Bf7 Be3 50. Kg7 c2 51. h6 c1=Q 52. h7 Bd4+ 53. Kg8 Qb2
54. Kf8 a5 55. Bb3 Kb4 56. Bf7 Kc5 57. h8=Q Bxh8 58. Bg8 Bc3 59. Bf7 Qd2 60. Ke7
Qd6+ 61. Ke8 Bf6 62. Bb3 Qe7# 0-1

[Event "Titled Tue 24th Jun Early"]
[Site "chess.com INT"]
[Date "2025.06.24"]
[Round "5"]
[White "Shuvalov, Evgenij"]
[Black "Silva, Pedro Gil Ferreira Da"]
[Result "0-1"]
[BlackTitle "FM"]
[WhiteElo "1986"]
[BlackElo "2269"]
[WhiteFideId "4187237"]
[BlackFideId "1946102"]
[EventDate "2025.06.24"]

1. d4 Nf6 2. c4 e6 3. Nf3 Bb4+ 4. Nbd2 O-O 5. a3 Bxd2+ 6. Bxd2 d6 7. Bg5 Qe7 8.
Nd2 e5 9. d5 a5 10. e4 h6 11. Bh4 a4 12. Bd3 Nbd7 13. Bc2 Nc5 14. f3 Bd7 15. Nb1
g5 16. Bf2 Nh5 17. g3 Ng7 18. h4 f5 19. hxg5 Qxg5 20. Nc3 fxe4 21. Nxe4 Nxe4 22.
Bxe4 Bf5 23. Qe2 Bxe4 24. Qxe4 Rf6 25. Rh3 Raf8 26. Be3 Qf5 27. Qxf5 Nxf5 28.
Bf2 Ng7 29. g4 Rxf3 30. Rxf3 Rxf3 31. Ke2 Rb3 32. Rh1 Rxb2+ 33. Kf3 Rb3+ 34. Ke4
Rxa3 35. Rxh6 Rc3 36. c5 dxc5 37. Kxe5 a3 38. Rh1 b6 39. d6 cxd6+ 40. Kxd6 a2
41. Ra1 Rc2 42. Be3 Kf7 43. Kc6 Rb2 44. Bf4 Ne6 45. Be5 Nd4+ 46. Kd5 Rd2 47.
Bxd4 Rxd4+ 48. Kc6 Rb4 49. Rxa2 Kg6 50. Rg2 Kg5 51. Ra2 c4 52. Ra8 b5 53. Kc5
Rb3 54. Rc8 Kxg4 55. Kd4 Kf3 56. Rf8+ Ke2 57. Rh8 Kd2 58. Rh2+ Kc1 59. Rh1+ Kb2
60. Rh2+ Ka3 61. Kc5 c3 62. Rc2 b4 63. Kc4 Rb2 64. Rc1 c2 65. Kd3 b3 66. Kc3 Rb1
67. Kd2 Rxc1 68. Kxc1 Ka2 69. Kd2 Kb2 0-1